Operační zesilovače

Gespeichert in:
Bibliographische Detailangaben
1. Verfasser: Dostál, Jiří (Verfasst von)
Format: Buch
Sprache:Tschechisch
Veröffentlicht: Praha : BEN - technická literatura, 2005
Schlagworte:
Tags: Tag hinzufügen
Keine Tags, Fügen Sie das erste Tag hinzu!

MARC

LEADER 00000nam a22000003a 4500
001 stu96028
005 20150617225813.0
008 051011s2005----xr------------------cze-d
020 |a 80-7300-049-0 
040 |a STU  |b slo 
041 0 |a cze 
044 |a xr 
080 |a 681.583 
080 |a 621.375 
080 |a 621.38 
084 |a B1220  |2 INS 
100 1 |a Dostál, Jiří  |4 aut 
245 1 |a Operační zesilovače 
260 |a Praha :  |b BEN - technická literatura,  |c 2005 
300 |a 504 s 
650 7 |a operačné zosilovače  |2 stusub 
996 |b 284EK85806  |c E*85806  |l EE08  |s P  |a 0  |w stu96028_0001 
996 |b 284EK85713  |c E*85713  |l EE01  |s A  |a 24  |w stu96028_0002